Nr. 1 Hits in Deutschland 2019 - Statistiken

Allgemein
  • Dieses Quiz wurde 117 mal gespielt
  • Das Durchschnittsergebnis liegt bei 21 aus 29
Antwortstatistiken
Wochen auf Platz 1 Lied Interpret % Korrekt
1 Woche Roller Apache 207
96%
1 Woche Wieso tust du dir das an? Apache 207
96%
17 Wochen All I Want for Christmas Is You Mariah Carey
87%
6 Wochen Sweet but Psycho Ava Max
84%
1 Woche DNA KC Rebell feat. Summer Cem& Capital Bra
84%
2 Wochen Deutschland Rammstein
81%
2 Wochen 110 Capital Bra, Samra & Lea
80%
1 Woche Royal Rumble Kalazh44, Capital Bra &Samra feat. Nimo & Luciano
80%
2 Wochen Tilidin Capital Bra & Samra
78%
1 Woche Nummer 1 Capital Bra & Samra
78%
1 Woche Wir ticken Capital Bra feat. Samra
78%
2 Wochen Wieder Lila Samra & Capital Bra
78%
1 Woche Zombie Samra & Capital Bra
78%
4 Wochen Old Town Road Lil Nas X
77%
10 Wochen Dance Monkey Tones and I
77%
2 Wochen Vermissen Juju feat. Henning May
76%
2 Wochen Gib ihm Shirin David
75%
2 Wochen Prinzessa Capital Bra
71%
1 Woche Benzema Capital Bra
71%
1 Woche Cherry Lady Capital Bra
71%
1 Woche Der Bratan bleibt der gleiche Capital Bra
71%
6 Wochen Señorita Shawn Mendes & Camila Cabello
71%
1 Woche Kein Plan Loredana feat. Mero
64%
1 Woche Ferrari Eno feat. Mero
60%
1 Woche Hobby Hobby Mero
60%
1 Woche Wolke 10 Mero
60%
1 Woche Harami Samra
57%
1 Woche Kein Schlaf Nimo & Hava
30%
1 Woche Dodi Shindy
30%
Keine übereinstimmenden Quizze gefunden
Verteilung der Resultate
Anzahl Personen mit jedem Resultat
Perzentil nach korrekt beantworteten Fragen
Ihre Resultats-Entwicklung
Sie haben dieses Quiz noch nicht gespielt